000 01721cam a2200457 i 4500
001 200468068
003 TR-AnTOB
005 20260413114732.0
007 ta
008 260413s1974 nyu 000 f eng d
016 _a(AMICUS)000026422075
035 _a(CLU)5030806-ucladb-Voyager
035 _a(OCoLC)01328038
035 _a(OCoLC)ocm01328038
035 _a(EXLNZ-01UCS_NETWORK)9913204095106531
035 _a(TR-AnTOB)200468068
040 _aCOO
_beng
_erda
_cCOO
_dIXA
_dOCLCQ
_dOCLCG
_dOCLCQ
_dOCLCF
_dOCLCQ
_dOCLCO
_dNLC
_dOCLCQ
_dDLM
_dOCL
_dOCLCO
_dOCLCQ
_dOCLCL
_dTR-AnTOB
041 0 _aeng
050 4 _aPR6053.O45
_bU5 1974
090 _aPR6053.O45
_bU5 1974
100 1 _aCompton, D. G.
_q(David Guy),
_d1930-
_eauthor
_4aut
_0http://id.loc.gov/authorities/names/n79067864
_9153585
245 1 4 _aThe unsleeping eye /
_cby D.G. Compton.
264 1 _aNew York :
_bDAW Books,
_c1974.
300 _a221 pages ;
_c18 cm
336 _atext
_btxt
_2rdacontent
337 _aunmediated
_bn
_2rdamedia
338 _avolume
_bnc
_2rdacarrier
490 0 _aDaw SF ;
_vno. 102
500 _aIssued in England as The continuous Katherine Mortenhoe.
510 4 _aCurrey, L.W. Science fiction,
_cp. 124
650 0 _aDeath
_vFiction
_986518
650 0 _aImmortalism
_vFiction
_9107049
650 0 _aMass media
_vFiction
_9153586
650 0 _aTerminally ill
_vFiction
_9153587
650 0 _aReality television programs
_vFiction
_9153588
650 0 _aScience fiction, English
_0http://id.loc.gov/authorities/subjects/sh85118644
_9153503
655 7 _aScience fiction
_2lcgft
_0http://id.loc.gov/authorities/genreForms/gf2014026529
_9153063
942 _2lcc
_cBK
999 _c200468068
_d86280